logo

Bir Sreshtho Munshi Abdur Rouf Library
Jhenaidah Cadet College

পৌরনীতি ও সুশাসন দ্বিতীয় পত্র একাদশ-দ্বাদশ শ্রেণী / (Record no. 5778)

MARC details
000 -LEADER
fixed length control field 00848nam a2200229 a 4500
001 - CONTROL NUMBER
JCCL Control Number 5778
003 - CONTROL NUMBER IDENTIFIER
JCCL marc code BD-JhCC
005 - DATE AND TIME OF LATEST TRANSACTION
control field 20220406134022.0
008 - FIXED-LENGTH DATA ELEMENTS--GENERAL INFORMATION
fixed length control field 171126s2014 bg |||| ||a| 000 0 ben d
020 ## - INTERNATIONAL STANDARD BOOK NUMBER
International Standard Book Number 9840726919
035 ## - SYSTEM CONTROL NUMBER
system control number (BD-JhCC)5778
040 ## - CATALOGING SOURCE
Original cataloging agency BD-JhCC
Modifying agency BD-JhCC
041 ## - LANGUAGE CODE
Language code of Book ben
082 ## - DEWEY DECIMAL CLASSIFICATION NUMBER
Classification number 320.473
Author mark and Year BHU 2014
100 ## - MAIN ENTRY--PERSONAL NAME
Personal name ভূঁইয়া, মোহাম্মদ আব্দুল ওদুদ
245 ## - TITLE STATEMENT
Title পৌরনীতি ও সুশাসন দ্বিতীয় পত্র একাদশ-দ্বাদশ শ্রেণী /
Statement of responsibility, etc মোহাম্মদ আব্দুল ওদুদ ভূঁইয়া
260 ## - PUBLICATION, DISTRIBUTION, ETC. (IMPRINT)
Place of publication, distribution, etc ঢাকা :
Name of publisher, distributor, etc অক্ষরপত্র প্রকাশনী,
Date of publication, distribution, etc 2013.
300 ## - PHYSICAL DESCRIPTION
Pagination 271 p. :
Dimensions 23 cm.
650 ## - SUBJECT ADDED ENTRY--TOPICAL TERM
Topical term or geographic name as entry element Civics
942 ## - ADDED ENTRY ELEMENTS (KOHA)
Source of classification or shelving scheme Dewey Decimal Classification
Koha item type Books
Koha issues (borrowed), all copies 4
Holdings
Source of classification or shelving scheme Damaged status Not for loan Home library Current library Shelving location Date of accession Cost, normal purchase price Total Checkouts Full call number Barcode Date last seen Copy number Koha item type Date checked out
Dewey Decimal Classification     JCC Rouf Library JCC Rouf Library General Stacks 12/21/2017 2014.00   320.473 BHU 2014 7611 12/21/2017 C-1 Books  
Dewey Decimal Classification     JCC Rouf Library JCC Rouf Library General Stacks 06/24/2019 193.00 2 320.473 BHU 2014 15693 08/27/2024 C-2 Books 10/16/2023
Dewey Decimal Classification     JCC Rouf Library JCC Rouf Library General Stacks 06/24/2019 193.00 4 320.473 BHU 2014 15692 08/27/2024 C-3 Books 10/16/2023
Dewey Decimal Classification     JCC Rouf Library JCC Rouf Library General Stacks 06/24/2019 193.00 2 320.473 BHU 2014 15691 07/27/2025 C-4 Books 06/22/2025

JCC Library | Contacts | JCC Home

Last Update on 23 September 2017
Copyright @ 2017-2020 JCC Rouf Library
Rouf Library, Jhenidah Cadet College (JCC), Bangladesh